000 00540nam a2200169 4500
001 174408
003 ES-MaACL
005 20250716063336.0
008 100415s1973 sp |||| | spa d
080 _a821.134.2(729.5)-31"19"
100 1 _aZeno Gandía, Manuel,
_d1855-1930
_9118184
245 1 0 _aGarduña /
_cM. Zeno Gandía.
260 _aRío Piedras, Puerto Rico :
_bEdil,
_c1973 (
_eBarcelona)
300 _a163 p. ;
_c19 cm.
852 4 _a BA
_jC-57168
_z. - Donativo Ateneo Puertorriqueño
999 _c174408
_d174408